Elysa Lynch o la tragedia como destino (Record no. 5385)

MARC details
000 -CABECERA
campo de control de longitud fija 00705nam a2200241 a 4500
001 - NÚMERO DE CONTROL
campo de control BRCA_5692
005 - FECHA Y HORA DE LA ÚLTIMA TRANSACCIÓN
campo de control 20190320205201.0
008 - DATOS DE LONGITUD FIJA--INFORMACIÓN GENERAL
campo de control de longitud fija 020311t1946----mx-#######---#000-1#spa-#
041 ## - CÓDIGO DE LENGUA
Código de lengua del texto/banda sonora o título independiente spa
044 ## - CÓDIGO DEL PAÍS DE LA ENTIDAD EDITORA/PRODUCTORA
Código MARC del país mx
050 #4 - SIGNATURA TOPOGRÁFICA DE LA BIBLIOTECA DEL CONGRESO
Número de clasificación F2686.L9
Número de documento/Ítem .K78 1946
100 1# - ENTRADA PRINCIPAL--NOMBRE DE PERSONA
Nombre de persona Krüger, Hilde
9 (RLIN) 14458
245 10 - MENCIÓN DE TÍTULO
Título Elysa Lynch o la tragedia como destino
Mención de responsabilidad, etc. Hilde Krüger.
260 ## - PUBLICACIÓN, DISTRIBUCIÓN, ETC.
Lugar de publicación, distribución, etc. México
Nombre del editor, distribuidor, etc. Cultura
Fecha de publicación, distribución, etc. 1946
300 ## - DESCRIPCIÓN FÍSICA
Extensión 91 p.
Dimensiones 17 cm.
500 ## - NOTA GENERAL
Nota general Incluye nota con dedicatoria de la autora al Sr. Franz Mayer
500 ## - NOTA GENERAL
Nota general H14
600 14 - PUNTO DE ACCESO ADICIONAL DE MATERIA--NOMBRE DE PERSONA
Nombre de persona Lynch, Elisa Alicia
Fechas asociadas al nombre 1835-1886
9 (RLIN) 14459
650 14 - PUNTO DE ACCESO ADICIONAL DE MATERIA--TÉRMINO DE MATERIA
Término de materia o nombre geográfico como elemento de entrada Historia
Subdivisión geográfica Paraguay
9 (RLIN) 14460
700 1# - PUNTO DE ACCESO ADICIONAL--NOMBRE DE PERSONA
Nombre de persona López, Francisco Solano
Fechas asociadas al nombre 1827-1870
9 (RLIN) 14461
902 ## - CATALOGADOR
Iniciales GFM
942 ## - ELEMENTOS DE PUNTO DE ACCESO ADICIONAL (KOHA)
Fuente del sistema de clasificación o colocación Library of Congress Classification
Tipo de ítem Koha Libros
Holdings
Estado de retiro Estado de pérdida Estado dañado No para préstamo Localización permanente Ubicación/localización actual Fecha de adquisición Número de inventario Total de préstamos Signatura topográfica completa Código de barras Fecha visto por última vez Precio válido a partir de Tipo de ítem Koha
El ejemplar forma parte de la colección y puede ser consultado según las políticas vigentes.       Biblioteca del Museo Franz Mayer (Rogerio Casas-Alatriste) Biblioteca del Museo Franz Mayer (Rogerio Casas-Alatriste) 02/03/2011 H14   F2686.L9 .K78 1946 (H14) 6128 22/03/2019 22/03/2019 Libros